| 000 | 06977nam a22020414i 4500 | ||
|---|---|---|---|
| 003 | PE-LiUPU | ||
| 005 | 20250813165354.0 | ||
| 008 | 160215s2016 mx a r 001 0 spa d | ||
| 020 | _a6071513359 (obra completa) | ||
| 020 | _a6071513367 (volumen I) | ||
| 020 | _a6071513375 (vvolumen II) | ||
| 020 | _a9786071513359 (obra completa) | ||
| 020 | _a9786071513366 (volumen I) | ||
| 020 | _a9786071513373 (volumen II) | ||
| 035 | _a(Sirsi) i9786071513359 | ||
| 040 |
_aSPSFM _bspa _cSPSFM _dPE-LiUPU _erda |
||
| 041 | 1 |
_aspa _heng |
|
| 080 | _a616.3 | ||
| 082 | 0 | 4 |
_a616 _bH22 _220 |
| 100 | 1 |
_aHarrison, Tinsley Randolph, _eautor. |
|
| 245 | 1 | 0 |
_aPrincipios de medicina interna / _cHarrison; editores, Dennis L. Kasper... [y otros 5]. |
| 246 | 3 | 3 | _aHarrison principios de medicina interna |
| 250 | _a19a edición | ||
| 264 | 1 |
_aMexico D.F. : _bMcGraw-Hill Educación, _c2016. |
|
| 300 |
_a2 volumenes : _bilustraciones ; _c28 centímetros |
||
| 336 |
_atext _2rdacontent |
||
| 337 |
_aunmediated _2rdamedia |
||
| 338 |
_avolume _2rdacarrier |
||
| 504 | _aÍndice al final de cada volumen. | ||
| 505 | 0 | _aParte 1: Generalidades de la Medicina Clínica -- Parte 2: Manifestaciones cardinales y presentación de enfermedades -- Parte 3: Genes, el medio ambiente y las enfermedades -- Parte 4: Medicina regenerativa -- Parte 5: Envejecimiento -- Parte 6: Nutrición y pérdida de peso -- Parte 7: Oncología y hematología -- Parte 8: Enfermedades infecciosas -- Parte 9: Terrorismo y medicina clínica -- Parte 10: Trastornos del aparato cardiovascular -- Parte 11: Trastornos del aparato respiratorio -- Parte 12: Cuidados intensivos -- Parte 13: Trastornos renales y de vías urinarias -- Parte 14: Trastornos del aparato digestivo -- Parte 15: Trastornos inflamatorios y reumatológicos mediados por inmunidad -- Parte 16: Endocrinología y metabolismo -- Parte 17: Trastornos neurológicos -- Parte 18: Intoxicaciones, sobredosis de drogas y envenenamientos -- Parte 19: Trastornos relacionados con exposiciones ambientales. | |
| 526 | _aP203 | ||
| 526 | _aP200 | ||
| 526 | _aSEG65 | ||
| 526 | _aSEG64 | ||
| 526 | _aSEG63 | ||
| 526 | _aSEG62 | ||
| 526 | _aSEG61 | ||
| 526 | _aSEG60 | ||
| 526 | _aSEG59 | ||
| 526 | _aSEG58 | ||
| 526 | _aSEG57 | ||
| 526 | _aSEG56 | ||
| 526 | _aSEG55 | ||
| 526 | _aSEG54 | ||
| 526 | _aSEG53 | ||
| 526 | _aSEG52 | ||
| 526 | _aSEG51 | ||
| 526 | _aSEG50 | ||
| 526 | _aSEG49 | ||
| 526 | _aSEG48 | ||
| 526 | _aSEG47 | ||
| 526 | _aSEG46 | ||
| 526 | _aSEG24 | ||
| 526 | _aSEG23 | ||
| 526 | _aSEG22 | ||
| 526 | _aSEG21 | ||
| 526 | _aSEG20 | ||
| 526 | _aSEG19 | ||
| 526 | _aSEG18 | ||
| 526 | _aSEG17 | ||
| 526 | _aSEG16 | ||
| 526 | _aSEG14 | ||
| 526 | _aSEG13 | ||
| 526 | _aSEG12 | ||
| 526 | _aSEG11 | ||
| 526 | _aSEG10 | ||
| 526 | _aSEG09 | ||
| 526 | _aSEG06 | ||
| 526 | _aSEG05 | ||
| 526 | _aSEG04 | ||
| 526 | _aSEG03 | ||
| 526 | _aSEG02 | ||
| 526 | _aSEG68 | ||
| 526 | _aSEG66 | ||
| 526 | _aSEG45 | ||
| 526 | _aSEG25 | ||
| 526 | _aSEG01 | ||
| 526 | _aP163 | ||
| 526 | _aP162 | ||
| 526 | _aP161 | ||
| 526 | _aP160 | ||
| 526 | _aP159 | ||
| 526 | _aP158 | ||
| 526 | _aP157 | ||
| 526 | _aP156 | ||
| 526 | _aP155 | ||
| 526 | _aP154 | ||
| 526 | _aP153 | ||
| 526 | _aP152 | ||
| 526 | _aP151 | ||
| 526 | _aP150 | ||
| 526 | _aP149 | ||
| 526 | _aP142 | ||
| 526 | _aP141 | ||
| 526 | _aP140 | ||
| 526 | _aP139 | ||
| 526 | _aP138 | ||
| 526 | _aP137 | ||
| 526 | _aP132 | ||
| 526 | _aP131 | ||
| 526 | _aP130 | ||
| 526 | _aP126 | ||
| 526 | _aP125 | ||
| 526 | _aP124 | ||
| 526 | _aP123 | ||
| 526 | _aP115 | ||
| 526 | _aP122 | ||
| 526 | _aP121 | ||
| 526 | _aP116 | ||
| 526 | _a P114 | ||
| 526 | _aP112 | ||
| 526 | _aP111 | ||
| 526 | _aP104 | ||
| 526 | _aP103 | ||
| 526 | _aP102 | ||
| 526 | _aP101 | ||
| 526 | _aP100 | ||
| 526 | _aP96 | ||
| 526 | _aP95 | ||
| 526 | _aP93 | ||
| 526 | _aP92 | ||
| 526 | _aP91 | ||
| 526 | _aP88 | ||
| 526 | _aP83 | ||
| 526 | _aP82 | ||
| 526 | _aP79 | ||
| 526 | _aP78 | ||
| 526 | _aP75 | ||
| 526 | _aP74 | ||
| 526 | _aP71 | ||
| 526 | _aP69 | ||
| 526 | _a P51 | ||
| 526 | _aP49 | ||
| 526 | _aP48 | ||
| 526 | _aP47 | ||
| 526 | _aP33 | ||
| 526 | _aP31 | ||
| 526 | _a P30 | ||
| 526 | _aP29 | ||
| 526 | _aP27 | ||
| 526 | _aP26 | ||
| 526 | _aP25 | ||
| 526 | _aP24 | ||
| 526 | _a P22 | ||
| 526 | _aP10 | ||
| 526 | _aP09 | ||
| 526 | _a P08 | ||
| 526 | _aP06 | ||
| 526 | _aP05 | ||
| 526 | _aP04 | ||
| 526 | _aP01 | ||
| 526 | 8 |
_iPrograma académico : _5PE-LiUPU |
|
| 534 |
_pTitulo original : _tHarrison Principles of internal Medicine. |
||
| 541 | _g001-000512; | ||
| 541 | _g0001-0042201; | ||
| 650 | 4 | _aMedicina interna. | |
| 655 | 4 | _aTratados, manuales, etc. | |
| 700 | 1 |
_aHarrison, _eotr. |
|
| 700 | 1 |
_aKasper, Dennis L., _eeditor |
|
| 910 |
_ajck _bebj _cebj _d20160725 |
||
| 910 |
_adbm _bncf _cncf _d20171107 |
||
| 942 |
_2ddc _cBOOK |
||
| 949 |
_a616 H22 2016 1 _wDEWEY _c1 _i74199 _d2016-8-22 _e2016-8-22 _lCCODEBUL1 _mBUL _n2 _r0 _sY _tBOOK _u2016-7-25 _xSALUD _PP30 _0COMPRA _o.STAFF. CIRCNOTE. El documento es de alto precio. _o.STAFF. Colección General |
||
| 949 |
_a616 H22 2016 2 _wDEWEY _c1 _i74200 _d2016-8-22 _e2016-8-22 _lCCODEBUL1 _mBUL _n4 _r0 _sY _tBOOK _u2016-7-25 _xSALUD _PP30 _0COMPRA _o.STAFF. CIRCNOTE. El documento es de alto precio. _o.STAFF. Colección General |
||
| 994 |
_aC0 _bPEPRU |
||
| 596 | _a1 | ||
| 999 |
_a616 H22 2016 1 _wDEWEY _c11464 _i74199 _d11464 _e2019-9-15 _f2021-11-4 _g5 _lCCODEBUL1 _mBUL _n16 _q8 _r0 _sY _tBOOK _u2016-7-25 _xSALUD _zP30 _0COMPRA _o.STAFF. CIRCNOTE. El documento es de alto precio. _o.STAFF. Colección General |
||
| 999 |
_a616 H22 2016 1 _wDEWEY _c2 _i76938 _d2019-9-26 _e2019-1-29 _f2021-11-4 _g5 _lCCODEBUL1 _mBUL _n4 _p141.32 _q3 _r0 _sY _tBOOK _u2017-11-7 _xSALUD _zP30 _0COMPRA _o.STAFF. Colección Ciencias de la Salud |
||
| 999 |
_a616 H22 2016 1 _wDEWEY _c3 _i76940 _d2022-5-9 _e2019-2-4 _f2021-11-4 _g4 _lCCODEBUL1 _mBUL _n7 _p141.32 _q10 _r0 _sY _tBOOK _u2017-11-8 _xSALUD _zP30 _0COMPRA _o.STAFF. Colección Ciencias de la Salud |
||
| 999 |
_a616 H22 2016 2 _wDEWEY _c1 _i74200 _d2022-6-1 _e2019-6-3 _f2021-11-4 _g5 _lCCODEBUL1 _mBUL _n12 _p126.95 _q20 _r0 _sY _tBOOK _u2016-7-25 _xSALUD _PP30 _0COMPRA _o.STAFF. CIRCNOTE. El documento es de alto precio. _o.STAFF. Colección Ciencias de la Salud |
||
| 999 |
_a616 H22 2016 2 _wDEWEY _c2 _i76939 _d2022-3-9 _e2019-6-11 _f2021-11-4 _g4 _lCCODEBUL1 _mBUL _n1 _p141.32 _q13 _r0 _sY _tBOOK _u2017-11-7 _xSALUD _PP30 _0COMPRA _o.STAFF. Colección Ciencias de la Salud |
||
| 999 |
_a616 H22 2016 2 _wDEWEY _c3 _i76941 _d2022-5-20 _e2019-6-12 _f2021-11-4 _g4 _lCCODEBUL1 _mBUL _n3 _p141.32 _q17 _r0 _sY _tBOOK _u2017-11-8 _xSALUD _PP30 _0COMPRA _o.STAFF. Colección Ciencias de la Salud |
||
| 980 |
_81 _gALBERTO SANCHEZ Responsable de Automatización |
||